Tư tưởng Việt Nam từ thế kỷ XV đến Thế kỉ XIX

Na minha lista:
Detalhes bibliográficos
Autor principal: Doãn, Chính (Chủ biên)
Formato: Livro
Publicado em: Hà Nội Chính trị Quốc gia- Sự thật 2011
Assuntos:
Tags: Adicionar Tag
Sem tags, seja o primeiro a adicionar uma tag!
Thư viện lưu trữ: Trung tâm Học liệu Lê Vũ Hùng, Trường Đại học Đồng Tháp
LEADER 00906pam a22003138a 4500
001 00034730
005 20171026081025.0
008 161019s2011 ||||||Viesd
020 # # |c 82000 
041 0 # |a Vie 
082 1 4 |a 181  |b T550T 
100 1 # |a Doãn, Chính  |e Chủ biên 
245 1 0 |a Tư tưởng Việt Nam từ thế kỷ XV đến Thế kỉ XIX  |c Doãn Chính 
260 # # |a Hà Nội  |b Chính trị Quốc gia- Sự thật  |c 2011 
300 # # |a 523 tr.  |c 21 cm. 
653 # # |a Lịch sử 
653 # # |a Việt Nam 
653 # # |a Tư tưởng 
653 # # |a Triết học 
852 # # |j KM.0019193  |j KM.0019018 
852 # # |b Kho mượn  |j KM.0019018, KM.0019193 
910 |d 19/10/2016 
980 # # |a Trung tâm Học liệu Lê Vũ Hùng, Trường Đại học Đồng Tháp